Greek Monsters - Statistics

General Stats
  • This quiz has been taken 1,745 times
    1,739 since last reset
  • The average score is 6 of 11
Answer Stats
Hint Answer % Correct
She turns mortals to stone Medusa
98%
Cut off 1 head 2 more take it's place Hydra
94%
Part Man Part Bull Minotaur
94%
Odysseus and his crew faced this one eyed creature Cyclops
93%
Part man part horse Centaur
86%
medusa and her sisters are gorgons
83%
It's like Dragon, but replace the G with another letter Drakon
57%
The name of that monster was Polyphemus
26%
Large ugly creatures Ogre
8%
Snake ladies Dracanae
5%
Peaceful giants of the north hyperborean giants
4%
No matching quizzes found
Score Distribution
Percent of People with Each Score
Percentile by Number Answered
Your Score History
You have not taken this quiz since the last reset